<?xml version="1.0" encoding="UTF-8"?>
<collection xmlns="http://www.loc.gov/MARC21/slim">
    <record>
        <controlfield tag="001">12559</controlfield>
        <controlfield tag="005">20190219123646.0</controlfield>
        <datafield tag="020" ind1=" " ind2=" ">
            <subfield code="a">978-84-695-8867-3</subfield>
            <subfield code="a">978-84-695-8867-3</subfield>
        </datafield>
        <datafield tag="037" ind1=" " ind2=" ">
            <subfield code="a">TESIS-2013-110</subfield>
        </datafield>
        <datafield tag="041" ind1=" " ind2=" ">
            <subfield code="a">spa</subfield>
        </datafield>
        <datafield tag="080" ind1=" " ind2=" ">
            <subfield code="a">93</subfield>
        </datafield>
        <datafield tag="100" ind1="1" ind2=" ">
            <subfield code="a">Lasala Navarro, Isabel</subfield>
        </datafield>
        <datafield tag="245" ind1="0" ind2="0">
            <subfield code="a">Helena Augusta</subfield>
            <subfield code="b">Una biografía histórica </subfield>
        </datafield>
        <datafield tag="260" ind1=" " ind2=" ">
            <subfield code="a">Zaragoza</subfield>
            <subfield code="b">Universidad de Zaragoza, Prensas de la Universidad</subfield>
            <subfield code="c">2009</subfield>
        </datafield>
        <datafield tag="300" ind1=" " ind2=" ">
            <subfield code="a">mult. p</subfield>
        </datafield>
        <datafield tag="490" ind1="0" ind2=" ">
            <subfield code="a">Tesis de la Universidad de Zaragoza</subfield>
            <subfield code="v">2013-91</subfield>
            <subfield code="x">2254-7606</subfield>
        </datafield>
        <datafield tag="500" ind1=" " ind2=" ">
            <subfield code="a">Presentado:  02 06 2009</subfield>
        </datafield>
        <datafield tag="502" ind1=" " ind2=" ">
            <subfield code="a">Tesis-Univ. Zaragoza,  , 2009</subfield>
            <subfield code="b">Zaragoza, Universidad de Zaragoza</subfield>
            <subfield code="c">2009</subfield>
        </datafield>
        <datafield tag="506" ind1=" " ind2=" ">
            <subfield code="a">by-nc-nd</subfield>
            <subfield code="b">Creative Commons</subfield>
            <subfield code="c">3.0</subfield>
            <subfield code="u">https://creativecommons.org/licenses/by-nc-nd/3.0/</subfield>
        </datafield>
        <datafield tag="520" ind1=" " ind2=" ">
            <subfield code="a">Se presenta una biografía histórica de la emperatriz Helena Augusta, madre del emperador Constantino, quien ha pasado a la Historia como Santa Helena. El texto ha sido estructurado en los tres apartados siguientes: los llamados años oscuros de la vida de la emperatriz, que se desarrollan de su nacimiento al ascenso político de su hijo Constantino; su reaparición en la escena pública tras aquel acontecimiento y, como consecuencia, el inicio de su trayectoria pública y política; y la memoria de Helena una vez fallecida, analizando a la emperatriz como imagen y como modelo. Los tres apartados aparecen precedidos de un breve estado de la cuestión y de una compilación de las diversas fuentes que hacen referencia a la emperatriz. El trabajo se cierra con la exposición de las conclusiones finales que pueden extraerse de la investigación realizada.      The aim of the present document is to present a biographical essay of Helena Augusta, mother of Emperor Constantine, known as Saint Helena. The text has been organized in three separate sections: the so called dark ages in the Empress life, from her birth to the political rise of her child Constantine; her reappearance in the public scene after this event and, consequently, the beginning of her own public and political rise; and the memory of Helena after her death, analyzing her role as image and example for other empresses. These three sections are preceded by a state of the art and by a compilation of the sources that mentioned the empress. The work closes with the final conclusions that can be inferred from the investigation. </subfield>
        </datafield>
        <datafield tag="653" ind1="1" ind2=" ">
            <subfield code="a">helena augusta</subfield>
        </datafield>
        <datafield tag="653" ind1="1" ind2=" ">
            <subfield code="a">constantino el grande</subfield>
        </datafield>
        <datafield tag="653" ind1="1" ind2=" ">
            <subfield code="a">cristianismo</subfield>
        </datafield>
        <datafield tag="653" ind1="1" ind2=" ">
            <subfield code="a">biografías históricas</subfield>
        </datafield>
        <datafield tag="700" ind1=" " ind2=" ">
            <subfield code="a">Escribano Paño, María Victoria</subfield>
            <subfield code="e">dir.</subfield>
        </datafield>
        <datafield tag="710" ind1="2" ind2=" ">
            <subfield code="a">Universidad de Zaragoza</subfield>
            <subfield code="b"> </subfield>
        </datafield>
        <datafield tag="856" ind1="0" ind2=" ">
            <subfield code="f">zaguan@unizar.es</subfield>
        </datafield>
        <datafield tag="856" ind1="4" ind2=" ">
            <subfield code="s">4770259</subfield>
            <subfield code="u">http://zaguan.unizar.es/record/12559/files/TESIS-2013-110.pdf</subfield>
            <subfield code="z">Texto completo (spa)</subfield>
        </datafield>
        <datafield tag="909" ind1="C" ind2="O">
            <subfield code="o">oai:zaguan.unizar.es:12559</subfield>
            <subfield code="p">driver</subfield>
        </datafield>
        <datafield tag="909" ind1="c" ind2="o">
            <subfield code="p">tesis</subfield>
        </datafield>
        <datafield tag="910" ind1="2" ind2=" ">
            <subfield code="a">Historia antigua</subfield>
            <subfield code="b"> </subfield>
        </datafield>
        <datafield tag="980" ind1=" " ind2=" ">
            <subfield code="a">TESIS</subfield>
        </datafield>
    </record>

    
</collection>